| 000 | 00838nam a22001697a 4500 | ||
|---|---|---|---|
| 008 | 090719t xxu||||| |||| 00| 0 ara d | ||
| 082 |
_222 _a297.83 _bم د ي |
||
| 100 | 1 |
_98074 _aالمديرس ، فلاح عبد الله |
|
| 245 | 1 | 2 |
_aالحركات والجماعات السياسية فى البحرين 1938-2002 _cفلاح عبدالله المديرس |
| 250 | _aط 1. | ||
| 260 |
_a:بيروت _bدار الكنوز الادبية، _c2004 |
||
| 300 |
_a192ص _c24 سم |
||
| 504 | _aيشتمل على ارجعات ببليوجرافية(180-192 | ||
| 650 |
_98075 _aالحركات السياسية _zالبحرين |
||
| 942 |
_2ddc _cBB |
||
| 999 |
_c12371 _d12371 |
||